| 000 | 00959nas a2200241 i 4500 | ||
|---|---|---|---|
| 001 | 254990 | ||
| 005 | 20260310140655.0 | ||
| 007 | ta | ||
| 008 | 260310e1994 dr bn|p|r||||||0| | spa d | ||
| 040 |
_aDO-SdBNP _bspa _cBNPHU _erda |
||
| 041 | _hspa | ||
| 245 |
_aRevista acna / _cAsociación de Comerciantes de Neumáticos y Accesorios. |
||
| 264 |
_aSanto Domingo, República Dominicana : _bAsociación de Comerciantes de Neumáticos y Accesorios, _c1994. |
||
| 300 |
_avolumen : _bilustraciones, fotografías, gráficas ; _c27.5 cm. |
||
| 310 | _aBimestral. | ||
| 336 |
_atexto _btxt _2rdacontent |
||
| 337 |
_asin mediación _bn _2rdamedia |
||
| 338 |
_avolumen _bnc _2rdacarrier |
||
| 362 | _aAño 2, No. 4, mayo-junio 1994. | ||
| 500 | _aCatalogación basada en el: Año 2, No. 4, mayo-junio 1994. | ||
| 650 |
_950147 _aAsociación de Comerciantes de Neumáticos y Accesorios _vPublicaciones periódicas _zRepública Dominicana |
||
| 942 |
_2ddc _cISSUE |
||
| 999 |
_c60473 _d60473 |
||